Misterio en la feria / (Registro nro. 8350)
[ vista simple ]
| 000 -LIDER | |
|---|---|
| fixed length control field | 00708nam a22002417a 4500 |
| 001 - NÚMERO DE CONTROL | |
| Identificador de número de control | 0074 |
| 003 - IDENTIFICACDOR DE NÚMERO DE CONTROL | |
| control field | DO-SdBNP |
| 005 - DATE AND TIME OF LATEST TRANSACTION | |
| control field | 20180130130808.0 |
| 007 - CAMPOS FIJOS DE DESCRIPCIÓN FÍSICA | |
| fixed length control field | 0074 |
| 008 - ELEMENTOS DE LONGITUD FIJA | |
| fixed length control field | 151008b sp 1958 xxu||||| |||| 00| 0 spa d |
| 040 ## - FUENTE DE CATALOGACIÓN | |
| Agencia que crea de manera original el registro | BPMSU |
| Idioma de catalogación | spa |
| Agencia que realiza la transcripción | BPMSU |
| 100 10 - ASIENTO PRINCIPAL -- NOMBRE PERSONAL | |
| Nombre personal | Blyton, Enid |
| 245 10 - MENCIÓN DE TITULO | |
| Título | Misterio en la feria / |
| Mención de responsabilidad | Enid Blyton ; traducción C. Peraire del Molino; ilustración José María Bea |
| 260 ## - PUBLICACIÓN, DISTRIBUCIÓN, ETC. (PIE DE IMPRENTA) | |
| Lugar de publicación, distribución, etc | Barcelona, España : |
| Nombre del editor, distribuidor, etc. | Molino, |
| Fecha de publicación, distribución, etc | 1958 |
| 300 ## - DESCRIPCIÓN FÍSICA | |
| Extensión | 207 p. : |
| Otros detalles físicos | il., |
| Dimensiones | 20 cm. |
| 490 ## - MENCIÓN DE SERIES | |
| Mención de serie | Aventura |
| Volume/sequential designation | 12 |
| 700 10 - ASIENTO SECUNDARIO -- NOMBRE PERSONAL | |
| Nombre personal | Peraire Del Molino, C., |
| Mención de responsabilidad | tr. |
| 700 10 - ASIENTO SECUNDARIO -- NOMBRE PERSONAL | |
| Nombre personal | Bea, José María, |
| Mención de responsabilidad | il. |
| 830 00 - ASIENTO SECUNDARIO DE SERIE--TÍTULO UNIFORME | |
| Título uniforme | Aventura |
| Número de la parte o sección de una obra | 12 |
| 942 ## - ADDED ENTRY ELEMENTS (KOHA) | |
| Source of classification or shelving scheme | Dewey Decimal Classification |
| Koha item type | Libros |
| 945 ## - INFORMACIÓN DE PROCESAMIENTO LOCAL | |
| Información de procesamiento local | Inventariado, 2018/MFF |
| 956 ## - LOCAL ELECTRONIC LOCATION AND ACCESS (OCLC) | |
| Nombre de host | Brenda Tavárez |
| Withdrawn status | Lost status | Source of classification or shelving scheme | Damaged status | Not for loan | Collection code | Home library | Current library | Date acquired | Source of acquisition | Total Checkouts | Barcode | Date last seen | Price effective from | Koha item type |
|---|---|---|---|---|---|---|---|---|---|---|---|---|---|---|
| Dewey Decimal Classification | Colección Infantil General | Biblioteca Pública Metropolitana Salomé Ureña | Biblioteca Pública Metropolitana Salomé Ureña | 10/08/2015 | Donación | BPMSU15100072 | 10/08/2015 | 10/08/2015 | Libros | |||||
| Dewey Decimal Classification | Colección Infantil General | Biblioteca Pública Metropolitana Salomé Ureña | Biblioteca Pública Metropolitana Salomé Ureña | 01/30/2018 | Donación | BPMSU18010084 | 01/30/2018 | 01/30/2018 | Libros |